Statistics for Biggest Cities in Europe ● A-Z

Click here to take the quiz!

General Stats

  • This quiz has been taken 299 times
  • The average score is 16 of 24

Answer Stats

#European city% Correct
LLondon
96%
PParis
96%
BBerlin
95%
MMoscow
94%
RRome
87%
WWarsaw
87%
AAthens
82%
ZZagreb
78%
IIstanbul
77%
VVienna
77%
HHamburg
76%
KKiev
74%
SSt.Petersburg
73%
FFrankfurt
72%
NNaples
71%
CCologne
57%
TTurin
57%
EEssen
50%
YYekaterinburg
42%
OOdessa
34%
UUfa
25%
DDonetsk
24%
GGenoa
24%
JJérez de la Frontera
15%

Score Distribution

Percentile by Number Answered

Percent of People with Each Score

Your Score History

You have not taken this quiz